| 000 | 00613nam a2200181 a 4500 | ||
|---|---|---|---|
| 005 | 20140412111240.0 | ||
| 008 | 010710s19uu xx 00 eng d | ||
| 020 | _a0-14-050181-9 | ||
| 050 |
_aTR(PS E _bTe24 |
||
| 100 | _aPreston, Edna Mitchell | ||
| 245 |
_aTemper tantrum book (The) / _cEdna Mitchell Preston; illustrated by Rainey Bennett. |
||
| 260 |
_aNew York : _bPuffin Books, _c1969. |
||
| 300 | _a1v. (unp.) ; ill. | ||
| 520 | _aRelates in rhyme several issues between parent and child that provoke temper tantrums. | ||
| 650 | _aBehaviors--Fiction | ||
| 650 | _aStories in rhyme | ||
| 999 |
_c102658 _d102658 |
||